000 00436nam a2200145 a 4500
001 000026587
005 20200930030310.0
008 110323s1990 dr ac 000 0 spa d
040 _aDO-SdBNP
_bspa
_cBNPHU
100 1 _aArmenteros S., Ernesto
_953697
245 1 0 _aEntre las nieblas del recuerdo /
_cErnesto Armenteros.
260 _aSanto Domingo :
_bEditorial Rex,
_c1990.
300 _a277 p. :
_bil., retrs. ;
_c21 cm.
049 _aBNPD
999 _c26079
_d26079